01191nac a22002771u 4500010001600000020002400016082001600040090001500056100003400071245017400105250001200279260008500291300003300376500011900409500002700528504003900555511002800594650003800622650002900660650004300689650003200732700001200764942001800776999001500794952010400809 a 83025046 a0080279708 (U.S.) :00a303.49bFOR c6085d6085 aForti, Augusto [ed.] 00aScientific forecasting and human needs :btrends, methods, and message : proceedings of a symposium held in Tbilisi, USSR, 6-11 December 1981 /cedited by Augusto Forti. a1st ed. aParis :bUNESCO ;aOxford [Oxfordshire] ;aNew York :bPergamon,c.1984.cc.1984. axx, 204 p. :bill. ;c24 cm. aEssays presented at a symposium held in Tbilisi, USSR as part of the Unesco programme on research and human needs. aDistributer: Al-Ahram. aIncludes bibliographies and index. aCatalogued By: Mahitab. 0aSciencexMethodologyxCongresses. 0aForecastingxCongresses. 0aTechnological forecastingxCongresses. 0aSocial servicexCongresses.1 aUnesco. cBBk303.49FOR c6085d6085 00104070aMAINbMAINc1STd2013-11-07ePurchasel0o303.49FORp000007669r2025-07-15 00:00:00yBB